<?xml version="1.0" encoding="UTF-8"?><?xml-stylesheet type="text/xsl" href="static/style.xsl"?><OAI-PMH xmlns="http://www.openarchives.org/OAI/2.0/" xmlns:xsi="http://www.w3.org/2001/XMLSchema-instance" xsi:schemaLocation="http://www.openarchives.org/OAI/2.0/ http://www.openarchives.org/OAI/2.0/OAI-PMH.xsd"><responseDate>2026-04-17T04:31:52Z</responseDate><request verb="GetRecord" identifier="oai:www.recercat.cat:2099.1/19696" metadataPrefix="marc">https://recercat.cat/oai/request</request><GetRecord><record><header><identifier>oai:recercat.cat:2099.1/19696</identifier><datestamp>2025-07-22T14:59:56Z</datestamp><setSpec>com_2072_1033</setSpec><setSpec>col_2072_452951</setSpec></header><metadata><record xmlns="http://www.loc.gov/MARC21/slim" xmlns:dcterms="http://purl.org/dc/terms/" xmlns:xsi="http://www.w3.org/2001/XMLSchema-instance" xmlns:doc="http://www.lyncode.com/xoai" xsi:schemaLocation="http://www.loc.gov/MARC21/slim http://www.loc.gov/standards/marcxml/schema/MARC21slim.xsd">
   <leader>00925njm 22002777a 4500</leader>
   <datafield ind2=" " ind1=" " tag="042">
      <subfield code="a">dc</subfield>
   </datafield>
   <datafield ind2=" " ind1=" " tag="720">
      <subfield code="a">Ramos Murciano, Javier</subfield>
      <subfield code="e">author</subfield>
   </datafield>
   <datafield ind2=" " ind1=" " tag="260">
      <subfield code="c">2013-07-18</subfield>
   </datafield>
   <datafield ind2=" " ind1=" " tag="520">
      <subfield code="a">El presente proyecto trata sobre el desarrollo del proyecto ejecutivo de instalaciones de un colegio de&#xd;
primaria, situado en la población de Montmeló.&#xd;
La primera parte consiste en ubicar y describir el edificio, definiendo así las plantas y espacios que lo&#xd;
forman. Contiene todas las memorias descriptivas de cada una de las instalaciones del edificio,&#xd;
detallando su diseño y paso para este.&#xd;
La segunda parte, trata sobre el cálculo de las instalaciones que a continuación nombraremos, así&#xd;
como el estado de mediciones y presupuesto de estos.&#xd;
Finalmente se realiza una valoración de los diferentes resultados y se desarrollan las conclusiones&#xd;
pertinentes que engloban los aspectos más generales del proyecto.&#xd;
Como parte complementaria del proyecto, se adjuntan todos los planos y detalles constructivos&#xd;
necesarios por tal de facilitar la lectura del paso de las instalaciones por el edificio.&#xd;
El objetivo de este proyecto consiste en diseñar y calcular las instalaciones necesarias para poder&#xd;
desarrollar con total normalidad las actividades del propio colegio. Al tratarse de un edificio como este,&#xd;
las instalaciones serán diseñadas y calculadas como un centre docente.&#xd;
Se realizará el proyecto ejecutivo de las siguientes instalaciones:&#xd;
· Instalación de agua fría&#xd;
· Energía solar&#xd;
· Evacuación&#xd;
· Calefacción&#xd;
· Gas&#xd;
· Electricidad y puesta a tierra&#xd;
· Protección contra-incendios&#xd;
· Telecomunicaciones&#xd;
· Sistema seguridad – Anti-intrusión</subfield>
   </datafield>
   <datafield tag="653" ind2=" " ind1=" ">
      <subfield code="a">Àrees temàtiques de la UPC::Edificació::Instal·lacions i acondicionament d'edificis</subfield>
   </datafield>
   <datafield tag="653" ind2=" " ind1=" ">
      <subfield code="a">Building fittings</subfield>
   </datafield>
   <datafield tag="653" ind2=" " ind1=" ">
      <subfield code="a">Edificis -- Instal·lacions</subfield>
   </datafield>
   <datafield tag="653" ind2=" " ind1=" ">
      <subfield code="a">Escoles primàries</subfield>
   </datafield>
   <datafield ind2="0" ind1="0" tag="245">
      <subfield code="a">Desarrollo de un proyecto ejecutivo de las instalaciones de un colegio de primaria situado en Montmeló</subfield>
   </datafield>
</record></metadata></record></GetRecord></OAI-PMH>